| 000 | 01334cam a2200217 4500 | ||
|---|---|---|---|
| 001 | ABS63506 | ||
| 008 | 000000n2001 000 0 eng u | ||
| 035 | _a(Sirsi) u110440 | ||
| 100 | _aWebb, B. | ||
| 245 | _aAchieving airtight buildings | ||
| 260 | _c2001 | ||
| 490 |
_aBuilding Services Journal _v23(1) January 2001 |
||
| 520 | _aThe DETR is to publish a new edition of Part L of the Building Regulations in 2001 which will may introduce mandatory standards and compliance air pressure testing for all non-domestic buildings. Outlines the details of government proposals regarding airtightness, including its intention to regulate existing buildings, whereby leakage should not exceed 10 cubic metres per hour per metre squared of envelope area at 50 Pa. Obligatory sample testing of dwellings is also proposed for 2003. The contractual responsibilities of clients, procurers, architects and contractors are also discussed alongside the three keys to airtight buildings, design for airtightness, build for airtightness and test for airtightness. | ||
| 650 | _aAIRTIGHTNESS | ||
| 650 |
_aBUILDING REGULATIONS _96224 |
||
| 650 |
_aBlock management _96220 |
||
| 650 | _aBUILDING REGULATIONS 2000 APPROVED DOCUMENT L1 (2002 EDITION) | ||
| 650 | _aVENTILATION | ||
| 690 | _aBUILT ENVIRONMENT-BUILDING STANDARDS | ||
| 942 | _n0 | ||
| 999 |
_c65843 _d65843 |
||